000 00299nam a22001337a 4500
008 171012b xxu||||| |||| 00| 0 eng d
020 _a9780072296044
041 _aeng
080 _25TH
_a316
100 _a50
101 _aSOC
245 _aMODERN SOCIOLOGICAL THEORY
_cRITZER,G
942 _2udc
_cBK
999 _c33426
_d33426